| 000 | 00950nam a22002897a 4500 | ||
|---|---|---|---|
| 001 | 7384 | ||
| 003 | FISKH | ||
| 005 | 20250711112616.0 | ||
| 008 | 250711b cb ||||| |||| 00| 0 eng d | ||
| 020 | _a9781338101133 | ||
| 040 |
_aFISKH _beng _cFISKH _dFISKH823.92 LCC PZ7.K127637 T |
||
| 050 | _aPZ7.K127637 T | ||
| 082 | _a823.92 | ||
| 100 | _aKang, Anna | ||
| 245 |
_aThat's (Not) mine / _cBy Anna Kang ; illustrated by Christopher Weyant |
||
| 250 | _aFirst Scholastic printing, September 2016 | ||
| 260 |
_aNew York : _bScholastic, _c2015 |
||
| 300 |
_a32 unnumbered pages : _bcolor illustrations ; _c25 cm |
||
| 505 | _aaa | ||
| 520 | _aTwo fuzzy animals have a silly argument about a chair that ends with a surprise. | ||
| 521 | 8 |
_a20
_bLexile |
|
| 521 | 8 |
_aaa
_bRaz-Plus |
|
| 650 |
_aPicture Book _vSharing _xValues and Virtues |
||
| 700 |
_aWeyant, Christopher _eillustrator |
||
| 942 |
_2ddc _cBK _n0 |
||
| 999 |
_c7384 _d7384 |
||